| 000 | 00772cam a22002292 4500 | ||
|---|---|---|---|
| 001 | 0000019362 | ||
| 005 | 20151021151132.0 | ||
| 008 | 101111s xx 000 0 eng d | ||
| 020 | _a0470183014 : | ||
| 040 |
_aKABU _cKABU |
||
| 050 | 0 |
_aQA76.76 _b.O63M532 |
|
| 100 | 1 |
_aMichael, Randal K. _@0000154682 |
|
| 245 | 1 | 0 |
_aMastering UNIX shell Scripting. : _bbash, bourne, and korn shell sripting for programmers, system administrators, and UNIX gurus / _cRandall K. Michael. |
| 250 | _a2nd ed. | ||
| 260 |
_aNew York : _bJ. Wiley, _c2008. |
||
| 300 | _axxx, 1002 p. | ||
| 650 | 0 |
_aUNIX (Computer file) _@0000154651 |
|
| 650 | 0 |
_aLinux. _@0000148390 |
|
| 852 | 1 | _9p3900 KES | |
| 908 | _a101111 | ||
| 950 | _@1 | ||
| 999 |
_c1057 _d1057 |
||